Riconosci il Pokémon - Quiz n°71 - Statistics

Statistiche generali
  • Questo quiz è stato fatto 12 volte
  • Il punteggio medio è 7 su 10
Statistiche sulle risposte
Indizio Risposta % Corretto
Generazione Settima
100%
Abilità Erbaiuto; Distacco
92%
Tipo Erba / Volante
92%
Stadio evoluzione Prima evoluzione
92%
Peso 16,0 kg
75%
Altezza 0,7 m
67%
Tasso di cattura 45 (11.9%)
58%
Sesso 87.5% ♂, 12.5% ♀
58%
Tasso di allevamento Medio-Lento
58%
Pokémon Dartrix
50%
Nessun quiz corrispondente trovato
Distribuzione punteggi
Percentuale di utenti per punteggio
Percentile per numero di risposta
I tuoi punteggi nel tempo
Non hai fatto questo quiz